00945cam a22002651 4500001001300000003000400013005001700017008004100034010001700075035002000092040003500112042001200147050002500159082001500184110008100199245003700280260002400317300003800341490002400379500002600403650003900429810009900468810009500567999001700662sd 50000061 DLC20260227112735.0831025s1944 dcua f000 0 eng c asd 50000061  a(OCoLC)10056324 aU.S. Dept. of State.cMBUdDLC apremarc00aUB250b.U33 no. 2350 a940.5314221 aUnited States.bOffice of Strategic Services.bResearch and Analysis Branch.00aProblems of Germans reparations. a[Washington]c1944. av, 42 p.bdiagr., tables.c26 cm.1 aIts R & Avno. 2350 aErrata leaf inserted. 0aWorld War, 1939-1945xReparations.1 aUnited States.bOffice of Strategic Services.bResearch and Analysis Branch.tR & Avno. 2350.1 aUnited States.bDepartment of State.bOffice of Intelligence Research.tR & A ;vno. 2350. c90019d90019